000 00943nam a22003257a 4500
001 0003248
003 KOHA_MİRAKIL
005 20260207001332.0
007 ta
008 090324b2005 tu |||gr||||#||||0|tur |
020 _a975001930X
_cTL0,01
040 _aTR-BiSEU
_btur
_cTR-BiSEU
_erda
041 0 _atur
044 _ctu
050 _aHB135
_b.C35 2005
100 1 _aÇakmak, Zeki.
245 1 _aİktisadi ve idari bilimler matematik I/
_cZeki Çakmak ; Zeki Çakmak.
264 1 _aKütahya :
_bDumlupınar Üniversitesi
_c2005
300 _a1 c.
336 _ametin
_btxt
_2rdacontent
337 _aaracısız
_bn
_2rdamedia
338 _acilt
_bnc
_2rdacarrier
490 1 _aDumlupınar Üniversitesi Yayınları ;
_vno.
490 1 _a24.
650 0 _aMatematik.
_91486
650 0 _aEkonomi--Matematik.
_91598
830 1 _aDumlupınar Üniversitesi Yayınları ;
_vno.
_96128
830 1 _a24.
_97227
942 _2lcc
_cBK
999 _c3232
_d3232